header

Preventing derailment (Record no. 145030)

MARC details
000 -LEADER
fixed length control field 01373nam a2200349Ia 4500
082 04 - DEWEY DECIMAL CLASSIFICATION NUMBER
Classification number 658.4/07124
100 1# - MAIN ENTRY--AUTHOR NAME
Personal name Lombardo, Michael M.
245 10 - TITLE STATEMENT
Title Preventing derailment
260 ## - PUBLICATION, DISTRIBUTION, ETC. (IMPRINT)
Place of publication Greensboro, N.C. :
Name of publisher Center for Creative Leadership,
Year of publication c1989.
300 ## - PHYSICAL DESCRIPTION
Number of Pages vii, 49 p.
650 #0 - SUBJECT ADDED ENTRY--TOPICAL TERM
Topical Term Career plateaus.
Topical Term Executive ability.
Topical Term Personnel management.
700 1# - ADDED ENTRY--PERSONAL NAME
Personal name Eichinger, Robert W.
856 40 - ELECTRONIC LOCATION AND ACCESS
Uniform Resource Identifier http://site.ebrary.com/lib/rucke/Doc?id=10185411

No items available.

© 2026 Rongo University
Contact us: librarian | system librarian | Rongo university